[Event "4th Alexander the Great Open"]
[Site "Neos Marmaras GRE"]
[Date "2012.04.22"]
[Round "9"]
[Board "12"]
[White "Ioannidis, Evgenios"]
[Black "Drljevic, Ljilja"]
[Result "1-0"]
[WhiteTitle "FM"]
[BlackTitle "WIM"]
[WhiteElo "1908"]
[BlackElo "2278"]
[WhiteFideId "4229274"]
[BlackFideId "928879"]
[EventDate "2012.04.16"]

1. e4 d6 2. d4 g6 3. Nc3 c6 4. Be3 Bg7 5. Qd2 Nd7 6. O-O-O b5 7. Kb1 Qa5 8. h4
Ngf6 9. f3 Nb6 10. Bh6 Bxh6 11. Qxh6 Be6 12. d5 cxd5 13. Bxb5+ Kd8 14. Nge2 Rc8
15. Nd4 Nc4 16. Bxc4 Rxc4 17. Nxd5 Bxd5 18. exd5 Qxd5 19. Nb3 Qf5 20. Rd2 Kd7
21. Qe3 Rc7 22. g4 Qb5 23. g5 Nh5 24. Re1 Kc8 25. Qd4 Rd8 26. Qg4+ e6 27. a4 Qf5
28. Qb4 Nf4 29. Rxd6 Rxd6 30. Qxd6 Qxc2+ 31. Ka2 Nd3 32. Qf8+ Kb7 33. Rb1 a6 34.
Qd6 Ka7 35. Qd4+ Nc5 36. Nxc5 Rxc5 37. Rd1 Kb7 38. Rd3 a5 39. Qd7+ Rc7 40. Qb5+
Ka8 41. Qa6+ Kb8 42. Rb3+ 1-0

[Event "4th Alexander the Great Open"]
[Site "Neos Marmaras GRE"]
[Date "2012.04.22"]
[Round "9"]
[Board "13"]
[White "Franco, William"]
[Black "Papasimakopoulos, Alexandros"]
[Result "0-1"]
[WhiteElo "2097"]
[BlackElo "2019"]
[WhiteFideId "4400909"]
[BlackFideId "4244125"]
[EventDate "2012.04.16"]

1. d4 f5 2. c4 Nf6 3. g3 g6 4. Bg2 Bg7 5. Nc3 O-O 6. Nh3 e6 7. O-O d6 8. Nf4 e5
9. dxe5 dxe5 10. Qxd8 Rxd8 11. Nfd5 Nxd5 12. Nxd5 Rd7 13. Bg5 Kf7 14. e4 c6 15.
Nc3 Na6 16. f4 h6 17. exf5 hxg5 18. f6 Kxf6 19. Ne4+ Ke7 20. fxg5 Rd4 21. Rae1
Bf5 22. b3 Nb4 23. h3 Rh8 24. g4 Bxe4 25. Bxe4 Nd3 26. Re3 Nf4 27. Rff3 Nxh3+ 0-1